<?xml version="1.0" encoding="UTF-8"?>
<record
    xmlns:xsi="http://www.w3.org/2001/XMLSchema-instance"
    xsi:schemaLocation="http://www.loc.gov/MARC21/slim http://www.loc.gov/standards/marcxml/schema/MARC21slim.xsd"
    xmlns="http://www.loc.gov/MARC21/slim">

  <leader>00354nam a2200085   4500</leader>
  <datafield tag="999" ind1=" " ind2=" ">
    <subfield code="c">23302</subfield>
    <subfield code="d">23302</subfield>
  </datafield>
  <datafield tag="245" ind1=" " ind2=" ">
    <subfield code="a">&#x930;&#x93E;&#x927;&#x93E; &#x915;&#x92E;&#x932; &#x92E;&#x941;&#x915;&#x930;&#x94D;&#x91C;&#x940; : &#x91A;&#x93F;&#x928;&#x94D;&#x924;&#x928; &#x92A;&#x930;&#x92E;&#x94D;&#x92A;&#x930;&#x93E;</subfield>
    <subfield code="b">:</subfield>
  </datafield>
  <datafield tag="246" ind1=" " ind2=" ">
    <subfield code="a">Radha Kamal Mokerji : Chintan Parampara</subfield>
  </datafield>
  <datafield tag="260" ind1=" " ind2=" ">
    <subfield code="a">&#x92C;&#x930;&#x947;&#x932;&#x940;</subfield>
    <subfield code="b">&#x938;&#x93E;&#x92E;&#x93E;&#x91C; &#x935;&#x93F;&#x91C;&#x94D;&#x91E;&#x93E;&#x928;&#x902; &#x935;&#x93F;&#x915;&#x93E;&#x938; &#x938;&#x902;&#x938;&#x94D;&#x925;&#x93E;&#x928;</subfield>
  </datafield>
  <datafield tag="942" ind1=" " ind2=" ">
    <subfield code="2">ddc</subfield>
    <subfield code="c">JR</subfield>
  </datafield>
</record>
